|
|
|
|
| LEADER |
00000cam a2200000 7i4500 |
| 001 |
0000040579 |
| 005 |
20031231.0 |
| 008 |
031231s2000 |
| 020 |
|
|
|a [ ]
|
| 090 |
0 |
0 |
|a 927 AIM
|
| 100 |
0 |
|
|a Aimi Jarr
|
| 245 |
0 |
0 |
|a P.Ramlee :
|b Insan Persona Seni
|c Aimi Jarr.
|
| 260 |
|
|
|a K.Lumpur :
|b Variapop Group ,
|c 2000.
|
| 300 |
|
|
|a 114p ;
|c 30 cm.
|
| 650 |
0 |
0 |
|a Person in the Art and Recreation.
|
| 999 |
|
|
|a 198526
|b Buku
|c Rak Terbuka
|e Perbadanan Perpustakaan Awam Melaka
|
| 999 |
|
|
|a 198527
|b Buku
|c Rak Terbuka
|e Perbadanan Perpustakaan Awam Melaka
|
| 999 |
|
|
|a 198532
|b Buku
|c Rak Terbuka
|e Perbadanan Perpustakaan Awam Melaka
|
| 999 |
|
|
|a 198534
|b Buku
|c Rak Terbuka
|e Perbadanan Perpustakaan Awam Melaka
|